000 00471nmm a2200157Ia 4500
008 251105s9999||||xx |||||||||||||||||und||
020 _a9789560104410
041 _aspa
100 _aFranco Gaviria, Luis Horacio
245 0 _a101 casos para el estudio de la ética
264 _a[Santiago de Chile, Chile] :
_bRil editores,
_c2017
300 _a300 páginas
650 _aPhilosophy, Ethics
856 _uhttps://public.digitaliapublishing.com/a/50384
942 _cCF
999 _c93858
_d93858